Fill in the Blank: TikTok Song Lyrics #1 - Statistics

General Stats
  • This quiz has been taken 541 times
  • The average score is 6 of 15
Answer Stats
Lyric Blank % Correct
"I can buy myself ______ / write my name in the sand" flowers
83%
"H-O-T-T-O-G-O you can take me ___ to go!" hot
78%
"Now he's / thinking bout me / every night oh / is it that _____ I guess so" sweet
63%
"Don't / take / these ______ things that I've got" beautiful
57%
"We can go ____ for ____ / we can go m for m" band
55%
"You'll just have to taste me / when he's _______ you" kissing
55%
"Beggin on her knees to be _______" popular
54%
"Inside this place is warm / outside it starts to ____" pour
33%
"Did your _____ stop working?" boots
32%
"Should I tell my ______ what I've been doing" boyfriend
31%
"Fever ____ high in the middle of the night" dream
22%
"There's a party downtown near _____ street" fifth
17%
"Ain't nothing but ____, _____, _____ / look me in my eyes, eyes, eyes" lies
13%
"If you could see me not / you'd be _____ / boy you'd say" proud
7%
"Close your eyes / it's just me, you, and ______" nobody
5%
No matching quizzes found
Score Distribution
Percent of People with Each Score
Percentile by Number Answered
Your Score History
You have not taken this quiz